Nomi dei calciatori - Quiz n°50 - Statistics

Statistiche generali
  • Questo quiz è stato fatto 55 volte
  • Il punteggio medio è 9 su 10
Statistiche sulle risposte
Hint Risposta % Corretto
Torres Fernando
98%
Ranocchia Andrea
96%
Gvardiol Joško Gvardiol
94%
De Roon Marten
94%
Zieliński Piotr
94%
Vargas Eduardo
88%
Provedel Ivan
88%
Álvarez Julián
88%
Fabiański Łukasz
88%
Amrabat Sofyan
88%
Nessun quiz corrispondente trovato
Distribuzione punteggi
Percentuale di utenti per punteggio
Percentile per numero di risposta
I tuoi punteggi nel tempo
Non hai fatto questo quiz